<?xml version="1.0" encoding="UTF-8"?><?xml-stylesheet type="text/xsl" href="static/style.xsl"?><OAI-PMH xmlns="http://www.openarchives.org/OAI/2.0/" xmlns:xsi="http://www.w3.org/2001/XMLSchema-instance" xsi:schemaLocation="http://www.openarchives.org/OAI/2.0/ http://www.openarchives.org/OAI/2.0/OAI-PMH.xsd"><responseDate>2026-04-17T19:06:32Z</responseDate><request verb="GetRecord" identifier="oai:www.recercat.cat:10230/35858" metadataPrefix="marc">https://recercat.cat/oai/request</request><GetRecord><record><header><identifier>oai:recercat.cat:10230/35858</identifier><datestamp>2025-12-18T01:26:03Z</datestamp><setSpec>com_2072_6</setSpec><setSpec>col_2072_452952</setSpec></header><metadata><record xmlns="http://www.loc.gov/MARC21/slim" xmlns:dcterms="http://purl.org/dc/terms/" xmlns:xsi="http://www.w3.org/2001/XMLSchema-instance" xmlns:doc="http://www.lyncode.com/xoai" xsi:schemaLocation="http://www.loc.gov/MARC21/slim http://www.loc.gov/standards/marcxml/schema/MARC21slim.xsd">
   <leader>00925njm 22002777a 4500</leader>
   <datafield ind2=" " ind1=" " tag="042">
      <subfield code="a">dc</subfield>
   </datafield>
   <datafield ind2=" " ind1=" " tag="720">
      <subfield code="a">Mortier, Philippe</subfield>
      <subfield code="e">author</subfield>
   </datafield>
   <datafield ind2=" " ind1=" " tag="720">
      <subfield code="a">Auerbach, Randy P.</subfield>
      <subfield code="e">author</subfield>
   </datafield>
   <datafield ind2=" " ind1=" " tag="720">
      <subfield code="a">Alonso Caballero, Jordi</subfield>
      <subfield code="e">author</subfield>
   </datafield>
   <datafield ind2=" " ind1=" " tag="720">
      <subfield code="a">Bantjes, Jason</subfield>
      <subfield code="e">author</subfield>
   </datafield>
   <datafield ind2=" " ind1=" " tag="720">
      <subfield code="a">Benjet, Corina</subfield>
      <subfield code="e">author</subfield>
   </datafield>
   <datafield ind2=" " ind1=" " tag="720">
      <subfield code="a">Cuijpers, Pim</subfield>
      <subfield code="e">author</subfield>
   </datafield>
   <datafield ind2=" " ind1=" " tag="720">
      <subfield code="a">Ebert, David Daniel</subfield>
      <subfield code="e">author</subfield>
   </datafield>
   <datafield ind2=" " ind1=" " tag="720">
      <subfield code="a">Green, Jennifer Greif</subfield>
      <subfield code="e">author</subfield>
   </datafield>
   <datafield ind2=" " ind1=" " tag="720">
      <subfield code="a">Hasking, Penelope</subfield>
      <subfield code="e">author</subfield>
   </datafield>
   <datafield ind2=" " ind1=" " tag="720">
      <subfield code="a">Nock, Matthew K.</subfield>
      <subfield code="e">author</subfield>
   </datafield>
   <datafield ind2=" " ind1=" " tag="720">
      <subfield code="a">O’Neill, Siobhan</subfield>
      <subfield code="e">author</subfield>
   </datafield>
   <datafield ind2=" " ind1=" " tag="720">
      <subfield code="a">Pinder-Amaker, Stephanie</subfield>
      <subfield code="e">author</subfield>
   </datafield>
   <datafield ind2=" " ind1=" " tag="720">
      <subfield code="a">Sampson, Nancy A.</subfield>
      <subfield code="e">author</subfield>
   </datafield>
   <datafield ind2=" " ind1=" " tag="720">
      <subfield code="a">Vilagut Saiz, Gemma, 1975-</subfield>
      <subfield code="e">author</subfield>
   </datafield>
   <datafield ind2=" " ind1=" " tag="720">
      <subfield code="a">Zaslavsky, Alan M.</subfield>
      <subfield code="e">author</subfield>
   </datafield>
   <datafield ind2=" " ind1=" " tag="720">
      <subfield code="a">Bruffaerts, Ronny</subfield>
      <subfield code="e">author</subfield>
   </datafield>
   <datafield ind2=" " ind1=" " tag="720">
      <subfield code="a">Kessler, Ronald C.</subfield>
      <subfield code="e">author</subfield>
   </datafield>
   <datafield ind2=" " ind1=" " tag="260">
      <subfield code="c">2018-11-27T08:36:07Z</subfield>
   </datafield>
   <datafield ind2=" " ind1=" " tag="260">
      <subfield code="c">2018</subfield>
   </datafield>
   <datafield ind2=" " ind1=" " tag="520">
      <subfield code="a">OBJECTIVE: College entrance may be a strategically well-placed &amp;quot;point of capture&amp;quot; for detecting late adolescents with suicidal thoughts and behaviors (STB). However, a clear epidemiological picture of STB among incoming college students is lacking. We present the first cross-national data on prevalence as well as socio-demographic and college-related correlates for STB among first-year college students. METHOD: Web-based self-report surveys were obtained from 13,984 first-year students (response rate 45.5%) across 19 colleges in 8 countries (Australia, Belgium, Germany, Mexico, Northern Ireland, South Africa, Spain, and the United States). RESULTS: Lifetime prevalence of suicidal ideation, plans, and attempts was 32.7%, 17.5%, and 4.3%, respectively. The 12-month prevalence was 17.2%, 8.8%, and 1.0%, respectively. About three-fourths of STB cases had onset before the age of 16 years (Q3 = 15.8), with persistence figures in the range of 41% to 53%. About one-half (53.4%) of lifetime ideators transitioned to a suicide plan; 22.1% of lifetime planners transitioned to an attempt. Attempts among lifetime ideators without plan were less frequent (3.1%). Significant correlates of lifetime STB were cross-nationally consistent and generally modest in effect size (median adjusted odds ratio [aOR] = 1.7). Nonheterosexual orientation (aOR range 3.3-7.9) and heterosexual orientation with some same-sex attraction (aOR range 1.9-2.3) were the strongest correlates of STB, and of transitioning from ideation to plans and/or attempts (aOR range 1.6-6.1). CONCLUSION: The distribution of STB in first-year students is widespread, and relatively independent of socio-demographic risk profile. Multivariate risk algorithms based on a high number of risk factors are indicated to efficiently link high-risk status with effective preventive interventions.</subfield>
   </datafield>
   <datafield tag="653" ind2=" " ind1=" ">
      <subfield code="a">Suïcidi</subfield>
   </datafield>
   <datafield tag="653" ind2=" " ind1=" ">
      <subfield code="a">Adolescents</subfield>
   </datafield>
   <datafield tag="653" ind2=" " ind1=" ">
      <subfield code="a">Escolars -- Psicologia</subfield>
   </datafield>
   <datafield ind2="0" ind1="0" tag="245">
      <subfield code="a">Suicidal thoughts and behaviors among first-year college students: results from the WMH-ICS project</subfield>
   </datafield>
</record></metadata></record></GetRecord></OAI-PMH>